Využitie analýzy a prognózy technických koeficientov pri prognózovaní veľkoobchodných cien kandidátska dizertačná práca

Salvato in:
Dettagli Bibliografici
Autore principale: Mašlejová, Mária
Ente Autore: Vysoká škola ekonomická v Bratislave. Národohospodárska fakulta
Altri autori: France, Karol
Natura: Libro
Lingua:slovacco
Pubblicazione: Bratislava 1983
Tags: Aggiungi Tag
Nessun Tag, puoi essere il primo ad aggiungerne!!

MARC

LEADER 00000nam a2200000 4500
001 c039514
005 20221220085923.6
041 0 |a slo 
044 |a SK 
245 1 0 |a Využitie analýzy a prognózy technických koeficientov pri prognózovaní veľkoobchodných cien  |b kandidátska dizertačná práca  |c Mária Mašlejová ; Ved. práce Karol France 
264 1 |a Bratislava  |c 1983 
300 |a 183 s. 
100 1 |a Mašlejová, Mária 
700 1 |a France, Karol 
710 2 |a Vysoká škola ekonomická v Bratislave. Národohospodárska fakulta